| 000 | 00564nam a22001697a 4500 | ||
|---|---|---|---|
| 999 |
_c17824 _d17824 |
||
| 008 | 190710b xxu||||| |||| 00| 0 eng d | ||
| 020 | _a0750635868 | ||
| 040 |
_aKABU _cKABU |
||
| 050 |
_aHF5686 _b.A23 1995 c. 1 |
||
| 245 |
_aAccounting and finance for the international hospitality industry _cedited by Peter J. Harris |
||
| 260 |
_aLondon _bRoutledge _c1995 |
||
| 300 | _axvii, 319 p. | ||
| 650 |
_aHospitality industry _xAccounting |
||
| 650 |
_aInternational business enterprises _xAccounting |
||
| 700 | _aHarris, Peter J. | ||
| 942 |
_2lcc _cBK _hHF5686 |
||